| 000 | 00489nam a2200169Ia 4500 | ||
|---|---|---|---|
| 003 | GCL | ||
| 008 | 140319s9999 xx 000 0 eng d | ||
| 040 |
_aGCL / _cGCL |
||
| 082 | 0 | 4 |
_a001.64 _bE C |
| 100 | 1 | _aELDER, JOHN | |
| 245 | 1 | 0 |
_aCONSTRUCTION OF DATA PROCESSING SOFTWARE / _cELDER, JOHN |
| 260 |
_aانجلترا : _bPRENTICE- HELL INTERNATIONAL, INC. ، _c1984 |
||
| 300 |
_a24 CM ؛ _c432 P |
||
| 650 | 0 | 4 | _aELECTRONIC DATA PROCESSING |
| 650 | 0 | 4 | _aPROGRAMMING |
| 942 |
_2ddc _cBK |
||
| 999 |
_c24771 _d24771 |
||